| 000 | 00491nam a22001937a 4500 | ||
|---|---|---|---|
| 003 | NUST - PNEC | ||
| 005 | 20170116180750.0 | ||
| 008 | 150309b xxu||||| |||| 00| 0 eng d | ||
| 020 | _a9780074715154 | ||
| 040 | _cLIBRARY | ||
| 082 | _a330 FRA | ||
| 100 |
_91650 _aFraser Ian |
||
| 245 |
_aEconomics for Business _cFraser Ian |
||
| 250 | _a3th ed. | ||
| 260 |
_aAustralia _bMc Graw Hill _cC 2005 |
||
| 300 | _a524 . : | ||
| 650 |
_91652 _aEconomics For Business _xMIS |
||
| 942 |
_2ddc _cBK |
||
| 999 |
_c62516 _d62516 |
||